Statistics for Languages available on Babbel

Click here to take the quiz!

General Stats

  • This quiz has been taken 34 times
  • The average score is 12 of 14

Answer Stats

Language% Correct
French
100%
Spanish
100%
English
96%
German
93%
Italian
93%
Russian
93%
Danish
89%
Portuguese
89%
Swedish
82%
Dutch
79%
Polish
79%
Norwegian
75%
Turkish
71%
Indonesian
21%

Score Distribution

Percentile by Number Answered

Percent of People with Each Score

Your Score History

You have not taken this quiz